000 00633nam a2200145 4500
999 _c8778
_d8778
008 180221b xxu||||| |||| 00| 0 eng d
022 _a0091-4169
082 _aDPer 364.05 J82 2015, v. 105 n. 2
100 _926705
_aLaguna, Lupe.
245 _a To be judged by twelve or carried by six? quasi-involuntariness and the criminal prosecution of service members for the use of force in combat- a grunt's perspective/
_cLupe Laguna.
260 _aEvanston:
_bNorthwestern University Press,
_c©2016.
300 _av106 n.1, pages 431-462;
_c25 cm.
650 0 _926706
_aMilitary policy
_zUnited States.
_vPeriodicals.
942 _2ddc
_cPER